| 000 | 00636nam a2200193 a 4500 | ||
|---|---|---|---|
| 001 | 000010319 | ||
| 005 | 20240412074217.0 | ||
| 008 | 091006t1952 dr ac 001 p spa d | ||
| 040 |
_aDO-SdBNP _bspa _cBNPHU |
||
| 082 |
_aRD861.44 _bE77p |
||
| 100 | 1 |
_aEspaillat Deschamps de Ventura, Eva M. _925335 |
|
| 245 | 1 | 0 |
_aPrimavera en estío : _bpoesías / _cEva M. Espaillat D. |
| 260 |
_aCiudad Trujillo, República Dominicana : _bDel Caribe, _c1952. |
||
| 300 |
_a96 p. : _bil., retr. ; _c22 cm. |
||
| 650 | 0 |
_aPoesía dominicana _966 |
|
| 650 | 0 |
_aLiteratura dominicana. _967 |
|
| 910 | _aValidado. Control de calidad EMS. | ||
| 049 | _aBNPD | ||
| 999 |
_c10078 _d10078 |
||